000 00311nam a2200097Ia 4500
008 240331s9999 xx 000 0 und d
082 _bSRI
100 _aSri Lanka foundation
245 0 _aSeminar on law enforcement agencies andtheir role in the implementation of the international bill of human rights
942 _cL
999 _c2506
_d2506